=LDR 00000nam 2200000 4500 =001 NUTBA000000000005347 =005 20141028114231.0 =006 =007 =008 =035 ##$$a 0010-101400000000577 =040 ##$$a NBPDMAT =082 ##$$a 813.087 =090 ##$$a 813.087 Che c =100 ##$$a Cheva Lestari =245 ##$$a Untung Surapati budak belian dari Bali$cChevaq Lestari; editor Adrian R Nugraho =250 ##$$a Cet. 3 =260 ##$$a Jakarta : Multazam Mulia Utama, 2011 =300 ##$$a iv, 94 hlm$bilus$c24 cm =650 ##$$a Cerita Kepahlawanan (Untung Surapati) =700 ##$$a Adrian R Nugraha =850 ##$$a NBPDMAT